Cities in a foreign language (sechs) - Statistics

General Stats
  • This quiz has been taken 29 times
  • The average score is 13 of 15
Answer Stats
City Language English name % Correct
Bryssel Finnish Brussels
100%
Diseldorfa Latvian Dusseldorf
100%
Lisszabon Hungarian Lisbon
100%
Lussemburgo Italian Luxembourg
100%
Rooma Estonian Rome
100%
Şikago Turkish Chicago
96%
Pequín Catalan Beijing
92%
Brema Romanian Bremen
92%
Gvatemalaborg Icelandic Guatemala City
92%
Puerto Príncipe Spanish Port au Prince
88%
Cherson Czech Kherson
72%
Saint-Sauveur French San Salvador
72%
Mailand German Milan
60%
Kolonba Basque Colombo
56%
Ciūrichas Lithuanian Zurich
44%
No matching quizzes found
Score Distribution
Percent of People with Each Score
Percentile by Number Answered
Your Score History
You have not taken this quiz